Watershed management for sustainable agriculture (Record no. 42089)

MARC details
000 -LEADER
fixed length control field 00298nam a2200109Ia 4500
082 ## - DEWEY DECIMAL CLASSIFICATION NUMBER
Classification number 556.51:65
Item number KHA
245 #0 - TITLE STATEMENT
Title Watershed management for sustainable agriculture
260 ## - PUBLICATION, DISTRIBUTION, ETC. (IMPRINT)
Place of publication Jodhpur
Name of publisher Agrobiosis(India)
Year of publication 2002
700 ## - ADDED ENTRY--PERSONAL NAME
Personal name Khan, M A
942 ## - ADDED ENTRY ELEMENTS (KOHA)
Koha item type Books
Holdings
Withdrawn status Lost status Damaged status Not for loan Home library Current library Date acquired Cost, normal purchase price Full call number Accession Number Koha item type
        RRII Library RRII Library 16/12/2021 550.00 556.51:65 KHA 22366 Books